Tous les sons de l'album LVC de MAES - Statistiques

Statistiques générales
  • Ce quiz a été pris 81 fois
  • Le résultat moyen est 14 sur 20
Statistiques - réponses
Rang La Vie Continue % Correct
2 MAGIE
84%
1 HERMES
82%
5 MARIO
77%
9 93
76%
10 CORDILLERE (ft. Werenoi)
76%
15 SEVRAN B
74%
6 4MOTION (ft. PLK)
71%
4 INTERPOL
71%
18 NOUVEAU OPPS (ft. JRK 19)
71%
3 SURVIE (ft. Ninho)
69%
16 HIJAMA
68%
12 LUMIERE
61%
19 RIVOLI
61%
7 VALHALLA
61%
11 YEEZY
61%
14 INSOMNIE
60%
17 SANS BOUSSOLE
60%
8 BALANCE
58%
20 FC BEAUDOTTES
58%
13 SAMU
55%
Aucun quiz correspondant
Distribution des résultats
% des personnes avec chaque résultat
Percentile par nombre de réponses
Votre historique - résultats
Vous n’avez pas pris ce quiz